[Event "Online Olym Top DivB 2021"]
[Site "chess.com INT"]
[Date "2021.09.10"]
[Round "7.4"]
[Board "4"]
[White "Xu, Tong"]
[Black "Moaataz, Ayah"]
[Result "0-1"]
[WhiteTitle "WIM"]
[BlackTitle "WIM"]
[WhiteElo "2111"]
[BlackElo "2032"]
[WhiteTeam "Shenzhen China"]
[BlackTeam "Egypt"]
[WhiteFideId "8601739"]
[BlackFideId "10615873"]
[EventDate "2021.09.08"]
[EventType "team"]

1. e4 c6 2. d4 d5 3. exd5 cxd5 4. Bd3 Nc6 5. c3 Qc7 6. h3 Nf6 7. Nf3 g6 8. O-O
Bg7 9. Re1 O-O 10. Nbd2 Nd7 11. Nf1 a6 12. Ne3 e6 13. a4 b6 14. Ng4 f5 15. Nh6+
Kh8 16. Rxe6 Nf6 17. Re1 f4 18. Ng4 Nxg4 19. hxg4 Bxg4 20. Qe2 a5 21. Bb5 Bf6
22. Bxc6 Qxc6 23. Bxf4 Bg7 24. Be5 Bxf3 25. gxf3 Rf5 26. Bxg7+ Kxg7 27. Qe7+ Rf7
28. Qe5+ Rf6 29. Kg2 Rf8 30. Re3 Rf7 31. Rh1 h5 32. b3 Kh6 33. Qb8 Rf8 34. Qg3
Rf5 35. Kh2 Rg5 36. Qh4 Qd6+ 37. Kh3 Rf4 38. Qxg5+ Kxg5 39. Rg1+ Kh6 40. Re5
Rxf3+ 41. Kg2 Qf6 0-1

[Event "Online Olym Top DivB 2021"]
[Site "chess.com INT"]
[Date "2021.09.10"]
[Round "7.4"]
[Board "6"]
[White "Li, Xinyu"]
[Black "Maged, Juneer"]
[Result "1-0"]
[WhiteTitle "WFM"]
[WhiteElo "2167"]
[BlackElo "1230"]
[WhiteTeam "Shenzhen China"]
[BlackTeam "Egypt"]
[WhiteFideId "8610401"]
[BlackFideId "10648933"]
[EventDate "2021.09.08"]
[EventType "team"]

1. d4 d5 2. c4 c6 3. Nf3 Nf6 4. Nc3 Bf5 5. cxd5 cxd5 6. Qb3 Qd7 7. Ne5 Qc8 8.
Nxd5 Nxd5 9. Qxd5 e6 10. Qb5+ Nc6 11. Nxc6 bxc6 12. Qc4 Be7 13. e3 O-O 14. Be2
Rb8 15. O-O Rb4 16. Qc3 a5 17. a3 Rb6 18. Qxa5 Rb8 19. Qc3 Rd8 20. b4 Qc7 21.
Bf3 Rb6 22. e4 Bg6 23. Be3 Ra6 24. e5 1-0

[Event "Online Olym Top DivB 2021"]
[Site "chess.com INT"]
[Date "2021.09.10"]
[Round "7.5"]
[Board "1"]
[White "Bacrot, Etienne"]
[Black "Grandelius, Nils"]
[Result "0-1"]
[WhiteTitle "GM"]
[BlackTitle "GM"]
[WhiteElo "2658"]
[BlackElo "2666"]
[WhiteTeam "France"]
[BlackTeam "Sweden"]
[WhiteFideId "605506"]
[BlackFideId "1710400"]
[EventDate "2021.09.08"]
[EventType "team"]

1. e4 c5 2. Nf3 d6 3. Bb5+ Bd7 4. a4 Nf6 5. Nc3 g6 6. O-O Bg7 7. e5 dxe5 8. Nxe5
O-O 9. Nxd7 Nbxd7 10. Re1 e6 11. a5 a6 12. Bc4 Nb8 13. d3 Nc6 14. Ne4 Nxe4 15.
dxe4 Qc7 16. Qd2 Rfd8 17. Qf4 Qxf4 18. Bxf4 Bxb2 19. Rab1 Bc3 20. Re3 Bd2 0-1

[Event "Online Olym Top DivB 2021"]
[Site "chess.com INT"]
[Date "2021.09.10"]
[Round "7.5"]
[Board "2"]
[White "Hellers, Ferdinand"]
[Black "Gozzoli, Yannick"]
[Result "0-1"]
[WhiteTitle "GM"]
[BlackTitle "GM"]
[WhiteElo "2592"]
[BlackElo "2602"]
[WhiteTeam "Sweden"]
[BlackTeam "France"]
[WhiteFideId "1700022"]
[BlackFideId "616915"]
[EventDate "2021.09.08"]
[EventType "team"]

1. e4 e5 2. Nf3 Nc6 3. Bb5 a6 4. Ba4 Nf6 5. O-O b5 6. Bb3 Bb7 7. c3 Be7 8. d4 d6
9. Re1 O-O 10. a3 Re8 11. Nbd2 Bf8 12. Bc2 Nb8 13. b3 Nbd7 14. Bb2 g6 15. a4 c6
16. b4 exd4 17. cxd4 d5 18. e5 Nh5 19. Bc3 a5 20. Rb1 axb4 21. Bxb4 Bxb4 22.
Rxb4 Ba6 23. Rb2 Nb6 24. axb5 Bxb5 25. g3 Ng7 26. Rb1 Ne6 27. h4 Qe7 28. h5 Kg7
29. Nf1 Bxf1 30. Rxf1 Reb8 31. Kg2 Nc4 32. Rxb8 Rxb8 33. Rh1 Qa3 34. hxg6 hxg6
35. Qa1 Rb4 36. Qf1 Rb2 37. Qc1 Kf8 38. Qh6+ Ke7 39. Qh8 Rxc2 40. Qf6+ Kd7 41.
Qxf7+ Qe7 42. Qxg6 Ne3+ 43. Kh3 Rxf2 44. Ra1 Nf4+ 45. gxf4 Rxf3+ 0-1

[Event "Online Olym Top DivB 2021"]
[Site "chess.com INT"]
[Date "2021.09.10"]
[Round "7.5"]
[Board "3"]
[White "Sebag, Marie"]
[Black "Cramling, Pia"]
[Result "0-1"]
[WhiteTitle "GM"]
[BlackTitle "GM"]
[WhiteElo "2447"]
[BlackElo "2455"]
[WhiteTeam "France"]
[BlackTeam "Sweden"]
[WhiteFideId "617822"]
[BlackFideId "1700030"]
[EventDate "2021.09.08"]
[EventType "team"]

1. e4 c5 2. Nf3 Nc6 3. Bb5 e6 4. O-O Nge7 5. d4 cxd4 6. Nxd4 Qb6 7. Nxc6 bxc6 8.
Bd3 Ng6 9. Kh1 e5 10. c4 Bc5 11. Nc3 Qc7 12. Qe2 O-O 13. Rb1 Rb8 14. Be3 Bd4 15.
Qd2 Nf4 16. Bxd4 exd4 17. Ne2 Nxe2 18. Qxe2 c5 19. f4 d6 20. Qh5 g6 21. Qh4 f6
22. Rfe1 Bd7 23. h3 a5 24. Re2 Rbe8 25. Rbe1 Bc6 26. Qg3 Re7 27. e5 dxe5 28.
fxe5 Rfe8 29. Be4 Bxe4 30. Rxe4 Rxe5 31. Rf1 Kg7 32. Ref4 Rf5 33. Kg1 Rxf4 34.
Rxf4 g5 35. Rf3 Qxg3 36. Rxg3 Re2 37. Ra3 Rxb2 38. Rxa5 d3 39. Ra7+ Kg6 40. Rd7
Rxa2 41. Rxd3 Rc2 42. Rd7 Rxc4 43. Rc7 Rc2 44. Kh2 h5 45. Kg3 h4+ 46. Kf3 Kf5
47. Rc6 Ke5 48. Rc8 Rc3+ 49. Kf2 Kf4 50. Ra8 Rc2+ 51. Kf1 c4 52. Ra6 f5 53. Ra5
g4 54. Rc5 g3 55. Ra5 Rc1+ 56. Ke2 Rg1 57. Ra4 Rxg2+ 58. Kd1 Ke3 59. Rxc4 Rg1+
60. Kc2 f4 0-1

[Event "Online Olym Top DivB 2021"]
[Site "chess.com INT"]
[Date "2021.09.10"]
[Round "7.5"]
[Board "4"]
[White "Agrest, Inna"]
[Black "Guichard, Pauline"]
[Result "1-0"]
[WhiteTitle "WIM"]
[BlackTitle "IM"]
[WhiteElo "2256"]
[BlackElo "2409"]
[WhiteTeam "Sweden"]
[BlackTeam "France"]
[WhiteFideId "1708830"]
[BlackFideId "639370"]
[EventDate "2021.09.08"]
[EventType "team"]

1. e4 e5 2. Nf3 Nc6 3. Bb5 a6 4. Ba4 d6 5. c3 Bd7 6. O-O g6 7. Re1 Bg7 8. d4 h6
9. Be3 Nf6 10. Nbd2 Ng4 11. Nf1 O-O 12. h3 Nxe3 13. Nxe3 Re8 14. Bc2 exd4 15.
cxd4 Nb4 16. Bb1 c5 17. Qd2 d5 18. e5 cxd4 19. Nxd4 Nc6 20. f4 Qh4 21. Nxc6 bxc6
22. Rf1 Rab8 23. Bd3 a5 24. Rf2 Rb4 25. Raf1 Reb8 26. b3 a4 27. Nc2 R4b7 28. b4
a3 29. Rf3 c5 30. bxc5 Rb2 31. Qc3 Bc6 32. Nd4 Rxa2 33. Bb1 Rab2 34. Nxc6 R8b3
35. Qxb3 Rxb3 36. Rxb3 Bf8 37. Rc3 g5 38. Nd4 gxf4 39. Nf5 Qg5 40. c6 d4 41. c7
dxc3 42. c8=Q a2 43. Bxa2 f3 44. Rxf3 Qc1+ 45. Rf1 1-0

[Event "Online Olym Top DivB 2021"]
[Site "chess.com INT"]
[Date "2021.09.10"]
[Round "7.5"]
[Board "5"]
[White "Maurizzi, Marc Andria"]
[Black "Seo, Jung Min"]
[Result "0-1"]
[WhiteTitle "GM"]
[BlackTitle "IM"]
[WhiteElo "2488"]
[BlackElo "2469"]
[WhiteTeam "France"]
[BlackTeam "Sweden"]
[WhiteFideId "36083534"]
[BlackFideId "1734687"]
[EventDate "2021.09.08"]
[EventType "team"]

1. e4 e6 2. d4 d5 3. exd5 exd5 4. Nf3 Bd6 5. c4 Nf6 6. c5 Be7 7. Qa4+ c6 8. Bd3
O-O 9. O-O Ne4 10. Nc3 f5 11. Bf4 Nd7 12. Ne5 g5 13. Nxd7 Bxd7 14. Be5 Bf6 15.
Bxf6 Qxf6 16. Ne2 b6 17. f3 Nd2 18. Rfd1 Qe7 19. Kh1 Qe3 20. Qc2 Nxf3 21. gxf3
Qxf3+ 22. Kg1 Qg4+ 23. Kh1 Qf3+ 24. Kg1 Qe3+ 25. Kf1 Qf3+ 26. Ke1 Rae8 27. Kd2
Qe3+ 28. Kc3 bxc5 29. dxc5 Qxc5+ 30. Kd2 Qe3+ 31. Kc3 c5 32. Qd2 c4 33. Qxe3
Rxe3 34. Kd4 Rxd3+ 35. Rxd3 cxd3 36. Nc3 f4 37. Kxd3 Bf5+ 38. Kd4 Be4 39. Nxe4
dxe4 40. Kxe4 Kg7 41. Rd1 Rf7 42. h3 Kg6 43. Kf3 Kh5 44. Rd6 Re7 45. Kf2 h6 46.
b4 Re3 47. Ra6 Rxh3 48. Rxa7 g4 49. b5 Rh2+ 50. Kg1 Rb2 51. a4 g3 52. Rg7 Kh4
53. Rg6 f3 54. Rxh6+ Kg5 0-1

[Event "Online Olym Top DivB 2021"]
[Site "chess.com INT"]
[Date "2021.09.10"]
[Round "7.5"]
[Board "6"]
[White "Zaritovskaja, Margarita"]
[Black "Sumarriva Paulin, Laura"]
[Result "0-1"]
[BlackTitle "WFM"]
[WhiteElo "2040"]
[BlackElo "1974"]
[WhiteTeam "Sweden"]
[BlackTeam "France"]
[WhiteFideId "14149249"]
[BlackFideId "45102635"]
[EventDate "2021.09.08"]
[EventType "team"]

1. e4 e6 2. d4 d5 3. Nc3 Nf6 4. Bg5 Be7 5. e5 Nfd7 6. h4 h6 7. Bxe7 Qxe7 8. Qg4
Kf8 9. O-O-O a6 10. Rh3 c5 11. Rg3 Rg8 12. dxc5 Nxe5 13. Nxd5 Qxc5 14. Qf4 Nbd7
15. Rc3 Qd6 16. Nb4 Qb6 17. Nf3 Ng6 18. Qc4 Ke7 19. Re3 Nf6 20. h5 Nf8 21. Nd4
g6 22. Ndc6+ bxc6 23. Nxc6+ Ke8 24. Rd8+ Qxd8 25. Nxd8 Kxd8 26. Rd3+ N8d7 27.
Qc6 Rb8 28. Rf3 Ke7 0-1

[Event "Online Olym Top DivB 2021"]
[Site "chess.com INT"]
[Date "2021.09.10"]
[Round "8.1"]
[Board "1"]
[White "Banusz, Tamas"]
[Black "Grandelius, Nils"]
[Result "1/2-1/2"]
[WhiteTitle "GM"]
[BlackTitle "GM"]
[WhiteElo "2641"]
[BlackElo "2666"]
[WhiteTeam "Hungary"]
[BlackTeam "Sweden"]
[WhiteFideId "722413"]
[BlackFideId "1710400"]
[EventDate "2021.09.08"]
[EventType "team"]

1. d4 d5 2. Nf3 e6 3. Bf4 Bd6 4. e3 Bxf4 5. exf4 b6 6. c3 Ne7 7. Nbd2 O-O 8. h4
c5 9. h5 h6 10. Bd3 Nec6 11. Qe2 cxd4 12. Nxd4 Qf6 13. Qe3 e5 14. fxe5 Nxe5 15.
Be2 Nbc6 16. O-O-O Bf5 17. Nxf5 Qxf5 18. Nb3 Rad8 19. Nd4 Nxd4 20. Rxd4 Rfe8 21.
Qf4 Qe6 22. Bb5 Re7 23. Rhd1 a6 24. Ba4 b5 25. Bb3 Red7 26. Qe3 Nc6 27. Qxe6
fxe6 28. R4d2 Rf8 29. Re1 Rf6 30. f4 Na5 31. Bc2 Rd6 32. g3 Nc6 33. Rde2 Kf8 34.
g4 Rxf4 35. Rxe6 Rxe6 36. Rxe6 Rf6 37. Re1 Rd6 38. Bg6 Ne7 39. Bd3 d4 40. Kc2
dxc3 41. bxc3 Nd5 42. Be4 Re6 43. Rf1+ Nf6 44. Bd3 Ke7 45. Bf5 Re3 46. Rd1 a5
47. Rd4 Re5 48. Bg6 Nd5 49. Kd2 Kd6 50. Bd3 Kc5 51. a3 Nf6 52. a4 bxa4 53. Rxa4
Kb6 54. Rf4 Rd5 55. Kc2 Rc5 56. Kd2 Rd5 57. Kc2 Rc5 58. Kd2 Rd5 1/2-1/2

[Event "Online Olym Top DivB 2021"]
[Site "chess.com INT"]
[Date "2021.09.10"]
[Round "8.1"]
[Board "2"]
[White "Hellers, Ferdinand"]
[Black "Gledura, Benjamin"]
[Result "1/2-1/2"]
[WhiteTitle "GM"]
[BlackTitle "GM"]
[WhiteElo "2592"]
[BlackElo "2628"]
[WhiteTeam "Sweden"]
[BlackTeam "Hungary"]
[WhiteFideId "1700022"]
[BlackFideId "712779"]
[EventDate "2021.09.08"]
[EventType "team"]

1. e4 e5 2. Nf3 Nc6 3. Bb5 a6 4. Ba4 Nf6 5. O-O Be7 6. Re1 b5 7. Bb3 d6 8. c3
O-O 9. h3 Bb7 10. d4 Re8 11. Nbd2 h6 12. a4 Bf8 13. Bc2 exd4 14. cxd4 Nb4 15.
Bb1 c5 16. d5 Nd7 17. Ra3 g6 18. Nf1 Bg7 19. N1h2 Qe7 20. Ng4 Qf8 21. Qd2 h5 22.
Nh6+ Kh8 23. g4 Ne5 24. Nxe5 Rxe5 25. Rf3 Bxd5 26. Rd1 Ra7 27. exd5 Rxd5 28. Qe1
Bxh6 29. Rxd5 Nxd5 30. gxh5 Re7 31. Qd1 Bxc1 32. Qxd5 Re5 33. Qb7 Qe7 34. Rxf7
Re1+ 35. Kg2 Qg5+ 36. Kf3 Qxh5+ 37. Kg2 Qg5+ 38. Kf3 Qh5+ 39. Kg2 Qg5+ 40. Kf3
Qh5+ 1/2-1/2

[Event "Online Olym Top DivB 2021"]
[Site "chess.com INT"]
[Date "2021.09.10"]
[Round "8.1"]
[Board "3"]
[White "Hoang, Thanh Trang"]
[Black "Cramling, Pia"]
[Result "1/2-1/2"]
[WhiteTitle "GM"]
[BlackTitle "GM"]
[WhiteElo "2380"]
[BlackElo "2455"]
[WhiteTeam "Hungary"]
[BlackTeam "Sweden"]
[WhiteFideId "12400149"]
[BlackFideId "1700030"]
[EventDate "2021.09.08"]
[EventType "team"]

1. d4 d5 2. Nf3 Nf6 3. e3 c5 4. dxc5 Qa5+ 5. Nbd2 Nc6 6. c4 dxc4 7. Bxc4 Qxc5 8.
a3 e6 9. O-O Be7 10. b4 Qb6 11. Bb2 O-O 12. Rc1 Rd8 13. Qe2 Bd7 14. Rfd1 Be8 15.
Bd3 a6 16. Nc4 Qa7 17. Nd4 Rac8 18. Nxc6 Rxc6 19. Bd4 Qb8 20. Na5 Rxc1 21. Rxc1
Rc8 22. Rxc8 Qxc8 23. Qc2 Qxc2 24. Bxc2 b5 25. Nb3 Bd7 26. Nc5 Bxc5 27. Bxc5 Bc6
28. f3 Nd7 29. Bd4 e5 30. Ba7 Bd5 31. Kf2 Kf8 32. Bf5 Ke7 33. Bxd7 Kxd7 34. e4
Bc4 35. Ke3 g5 36. g3 f6 37. Bc5 Ke6 38. h4 gxh4 39. gxh4 h5 40. Bb6 Bb3 41. Bd8
Bc4 42. Bb6 Bb3 43. Bd8 Bc4 44. Bb6 1/2-1/2

[Event "Online Olym Top DivB 2021"]
[Site "chess.com INT"]
[Date "2021.09.10"]
[Round "8.1"]
[Board "4"]
[White "Agrest, Inna"]
[Black "Lazarne Vajda, Szidonia"]
[Result "0-1"]
[WhiteTitle "WIM"]
[BlackTitle "IM"]
[WhiteElo "2256"]
[BlackElo "2345"]
[WhiteTeam "Sweden"]
[BlackTeam "Hungary"]
[WhiteFideId "1708830"]
[BlackFideId "723894"]
[EventDate "2021.09.08"]
[EventType "team"]

1. e4 c6 2. d4 d5 3. f3 e6 4. Nc3 Bb4 5. Bf4 Ne7 6. Qd3 b6 7. Ne2 Ba6 8. Qe3 O-O
9. O-O-O c5 10. Bg5 Nbc6 11. exd5 exd5 12. dxc5 bxc5 13. Nf4 d4 14. Qe4 Bxf1 15.
Ncd5 Re8 16. Rhxf1 Nxd5 17. Qxd5 Qxd5 18. Nxd5 Re2 19. a3 Ba5 20. g4 Re5 21. c4
Rxg5 22. h3 Re5 23. f4 Re2 24. f5 Rae8 25. g5 Re1 26. b4 Rxf1 27. Rxf1 cxb4 28.
f6 bxa3 29. g6 hxg6 30. fxg7 Kxg7 0-1

[Event "Online Olym Top DivB 2021"]
[Site "chess.com INT"]
[Date "2021.09.10"]
[Round "8.1"]
[Board "5"]
[White "Kozak, Adam"]
[Black "Seo, Jung Min"]
[Result "1-0"]
[WhiteTitle "GM"]
[BlackTitle "IM"]
[WhiteElo "2517"]
[BlackElo "2469"]
[WhiteTeam "Hungary"]
[BlackTeam "Sweden"]
[WhiteFideId "753246"]
[BlackFideId "1734687"]
[EventDate "2021.09.08"]
[EventType "team"]

1. e4 e6 2. d4 d5 3. e5 c5 4. c3 Qb6 5. Nf3 Nc6 6. Bd3 cxd4 7. O-O Bd7 8. Re1
Nge7 9. h4 h6 10. a3 dxc3 11. Nxc3 Nc8 12. b4 Be7 13. Bf4 Qd8 14. h5 Nb6 15. Rc1
a6 16. Nb1 Rc8 17. Nbd2 Na7 18. Rxc8 Qxc8 19. Be3 Qd8 20. Nd4 Nc6 21. Nxc6 Bxc6
22. Qg4 Kf8 23. Rc1 Nd7 24. Bd4 Nb8 25. Nb3 Kg8 26. Na5 Qe8 27. Bb1 Bb5 28. Nxb7
Nc6 29. Nd6 Qd7 30. Nxb5 axb5 31. Bd3 Nxd4 32. Qxd4 g5 33. hxg6 Bg5 34. f4 Bd8
35. gxf7+ Qxf7 36. Rc8 Kg7 37. f5 exf5 38. Rc6 Bg5 39. Qc5 Re8 40. Qd6 Re7 41.
g3 Qh5 42. Qxd5 Qd1+ 43. Kg2 Qd2+ 44. Kh3 Qe3 45. Bxf5 Qxe5 46. Rg6+ 1-0

[Event "Online Olym Top DivB 2021"]
[Site "chess.com INT"]
[Date "2021.09.10"]
[Round "8.1"]
[Board "6"]
[White "Zaritovskaja, Margarita"]
[Black "Gaal, Zsoka"]
[Result "0-1"]
[BlackTitle "WFM"]
[WhiteElo "2040"]
[BlackElo "2276"]
[WhiteTeam "Sweden"]
[BlackTeam "Hungary"]
[WhiteFideId "14149249"]
[BlackFideId "777765"]
[EventDate "2021.09.08"]
[EventType "team"]

1. e4 c6 2. Nc3 d5 3. Nf3 dxe4 4. Nxe4 Nf6 5. Nxf6+ exf6 6. d4 Bd6 7. Be3 O-O 8.
Qd2 Be6 9. Bd3 Nd7 10. O-O Qc7 11. h3 f5 12. Qd1 h6 13. Bxh6 gxh6 14. Nh4 f4 15.
Qh5 Kg7 16. Rfe1 Nf6 17. Qf3 Qa5 18. Be2 Qg5 19. c4 Qxh4 0-1

[Event "Online Olym Top DivB 2021"]
[Site "chess.com INT"]
[Date "2021.09.10"]
[Round "8.2"]
[Board "1"]
[White "Zeng, Chongsheng"]
[Black "Bacrot, Etienne"]
[Result "1-0"]
[WhiteTitle "GM"]
[BlackTitle "GM"]
[WhiteElo "2597"]
[BlackElo "2658"]
[WhiteTeam "Shenzhen China"]
[BlackTeam "France"]
[WhiteFideId "8603847"]
[BlackFideId "605506"]
[EventDate "2021.09.08"]
[EventType "team"]

1. e4 c6 2. d4 d5 3. exd5 cxd5 4. Bd3 Nc6 5. c3 Nf6 6. h3 g6 7. Nf3 Bg7 8. O-O
Ne4 9. Re1 Bf5 10. Nh4 e6 11. Nxf5 gxf5 12. Qh5 Qf6 13. f3 Ng3 14. Qg5 Qxg5 15.
Bxg5 Rg8 16. Bf4 Nh5 17. Be3 Bf6 18. g4 Bh4 19. Re2 O-O-O 20. Rg2 Nf6 21. Nd2
Ne7 22. Kh2 fxg4 23. fxg4 Nd7 24. Nf3 Bf6 25. g5 Bg7 26. Bxh7 Rh8 27. Bc2 e5 28.
dxe5 Nxe5 29. Rf1 N7g6 30. Bxg6 fxg6 31. Nxe5 Bxe5+ 32. Bf4 Bg7 33. Re2 Rhe8 34.
Rfe1 Rxe2+ 35. Rxe2 Kd7 36. Kg3 b5 37. Kg4 a5 38. a3 Rc8 39. Rd2 Ke6 40. Be3
Rc4+ 41. Bd4 b4 42. axb4 axb4 43. h4 bxc3 44. bxc3 Bxd4 45. cxd4 Rc1 46. Rf2
Rg1+ 47. Kh3 Rh1+ 48. Kg3 Rg1+ 49. Kh2 Rg4 50. Kh3 Rxd4 51. Rf6+ Ke5 52. Rxg6
Rb4 53. Rg8 d4 54. Re8+ Kf5 55. Rf8+ Kg6 56. Rf6+ Kg7 57. Rd6 Kf7 58. Rf6+ Kg7
59. Kg3 Rb2 60. Rd6 Rd2 61. Kg4 Kf7 62. Kf5 d3 63. Rd7+ Ke8 64. Rd4 Kf7 65. g6+
Ke7 66. Kg5 Rd1 67. h5 d2 68. Kh6 Ke6 69. g7 Ke5 70. Rd8 1-0

[Event "Online Olym Top DivB 2021"]
[Site "chess.com INT"]
[Date "2021.09.10"]
[Round "8.2"]
[Board "2"]
[White "Gozzoli, Yannick"]
[Black "Yu, Ruiyuan"]
[Result "1/2-1/2"]
[WhiteTitle "GM"]
[BlackTitle "GM"]
[WhiteElo "2602"]
[BlackElo "2497"]
[WhiteTeam "France"]
[BlackTeam "Shenzhen China"]
[WhiteFideId "616915"]
[BlackFideId "8603090"]
[EventDate "2021.09.08"]
[EventType "team"]

1. d4 d5 2. c4 c6 3. Nc3 Nf6 4. Nf3 dxc4 5. a4 e6 6. e4 Bb4 7. Bxc4 Nxe4 8. O-O
Nf6 9. Bg5 O-O 10. Bd3 Be7 11. Re1 Nbd7 12. Qe2 b6 13. Rad1 Bb7 14. Bb1 Nd5 15.
Qe4 g6 16. Qh4 Re8 17. Ne4 Nf8 18. Ba2 Bxg5 19. Nexg5 f5 20. Ne5 Qe7 21. Bxd5
cxd5 22. Qg3 Rac8 23. h4 Qf6 24. Rc1 Rxc1 25. Rxc1 Rc8 26. Rxc8 Bxc8 27. Qc3 Qd8
28. Ngf7 Qxh4 29. g3 Qe4 30. Qb4 Qb1+ 31. Kh2 Qc2 32. Nh6+ Kg7 33. Qe7+ Kxh6 34.
Nf7+ Kg7 35. Ne5+ Kh6 36. Qh4+ Kg7 37. Qe7+ Kh6 1/2-1/2

[Event "Online Olym Top DivB 2021"]
[Site "chess.com INT"]
[Date "2021.09.10"]
[Round "8.2"]
[Board "3"]
[White "Zhao, Xue"]
[Black "Sebag, Marie"]
[Result "1-0"]
[WhiteTitle "GM"]
[BlackTitle "GM"]
[WhiteElo "2486"]
[BlackElo "2447"]
[WhiteTeam "Shenzhen China"]
[BlackTeam "France"]
[WhiteFideId "8601283"]
[BlackFideId "617822"]
[EventDate "2021.09.08"]
[EventType "team"]

1. e4 c5 2. Nf3 d6 3. d4 cxd4 4. Nxd4 Nf6 5. Nc3 a6 6. Be3 e5 7. Nde2 Be6 8. g3
Be7 9. Bg2 O-O 10. O-O Nbd7 11. a4 Rc8 12. h3 Nb6 13. b3 Qc7 14. Nd5 Nbxd5 15.
exd5 Bf5 16. c4 Qd7 17. g4 Bg6 18. a5 Rfe8 19. Ng3 h6 20. Qd2 Nh7 21. Rac1 f5
22. gxf5 Bxf5 23. Nxf5 Qxf5 24. f4 Bf6 25. fxe5 Qxe5 26. Bf4 Qh5 27. Rce1 Ng5
28. Qd3 Nf7 29. Re6 Be5 30. Qe3 Ng5 31. Bxe5 Nxe6 32. dxe6 dxe5 33. Bxb7 Rb8 34.
Bd5 Kh8 35. Kh2 Qg6 36. Rf2 Qb1 37. c5 Qa1 38. Bc4 Rbd8 39. Qe4 Qxa5 40. Qxe5
Rd2 41. Qe3 Rxf2+ 42. Qxf2 Rd8 43. Qe3 Rd2+ 44. Kg3 Qc7+ 45. Kf3 Qc6+ 46. Kf4
Qd6+ 47. cxd6 1-0

[Event "Online Olym Top DivB 2021"]
[Site "chess.com INT"]
[Date "2021.09.10"]
[Round "8.2"]
[Board "4"]
[White "Guichard, Pauline"]
[Black "Xu, Tong"]
[Result "1-0"]
[WhiteTitle "IM"]
[BlackTitle "WIM"]
[WhiteElo "2409"]
[BlackElo "2111"]
[WhiteTeam "France"]
[BlackTeam "Shenzhen China"]
[WhiteFideId "639370"]
[BlackFideId "8601739"]
[EventDate "2021.09.08"]
[EventType "team"]

1. c4 c5 2. Nc3 Nc6 3. Nf3 g6 4. e3 Bg7 5. d4 d6 6. d5 Ne5 7. Nxe5 Bxe5 8. Bd3
Bg7 9. O-O Nf6 10. e4 O-O 11. h3 e6 12. Re1 exd5 13. exd5 a6 14. Bf4 Re8 15. Qd2
b6 16. Bh6 Ra7 17. Bxg7 Kxg7 18. Rxe8 Qxe8 19. Qf4 Qd8 20. a3 Re7 21. b4 Re5 22.
Rb1 Bf5 23. Bxf5 Rxf5 24. Qd2 Re5 25. Qb2 Qe7 26. Kf1 Rxd5 27. Nxd5 1-0

[Event "Online Olym Top DivB 2021"]
[Site "chess.com INT"]
[Date "2021.09.10"]
[Round "8.2"]
[Board "5"]
[White "Xue, Haowen"]
[Black "Maurizzi, Marc Andria"]
[Result "0-1"]
[BlackTitle "GM"]
[WhiteElo "2128"]
[BlackElo "2488"]
[WhiteTeam "Shenzhen China"]
[BlackTeam "France"]
[WhiteFideId "8625492"]
[BlackFideId "36083534"]
[EventDate "2021.09.08"]
[EventType "team"]

1. d4 Nf6 2. c4 g6 3. g3 Bg7 4. Bg2 d6 5. Nf3 O-O 6. O-O Nc6 7. Nc3 e5 8. dxe5
dxe5 9. Bg5 Be6 10. Nd2 h6 11. Bxf6 Bxf6 12. Nde4 Be7 13. Qc1 Kg7 14. Rd1 Qe8
15. Nd5 Rc8 16. Nxe7 Qxe7 17. Nc3 Bxc4 18. Bxc6 bxc6 19. Qe3 a5 20. b3 Ba6 21.
Na4 Rcd8 22. Rac1 Rd5 23. Nc3 Rdd8 24. f3 h5 25. h3 f6 26. Kg2 Bc8 27. Ne4 Rd5
28. Nf2 Rfd8 29. Rd3 Rxd3 30. Nxd3 Rd4 31. Nf2 c5 32. Qc3 c4 33. e3 Rd7 34. Qxc4
Bb7 35. e4 Qb4 36. Qxb4 axb4 37. Rc4 Ba6 38. Rxb4 Rd2 39. Ra4 Be2 40. Ra7 Kh6
41. f4 c5 42. Ra5 Rc2 43. a4 Rc3 44. fxe5 Bf3+ 45. Kh2 Rc2 46. Kg1 Rc1+ 47. Kh2
Rf1 48. g4 h4 49. Rxc5 Rxf2+ 50. Kg1 Rg2+ 51. Kf1 fxe5 52. Rxe5 Rg3 53. a5 Rxh3
54. a6 Rh2 55. b4 Ra2 56. b5 h3 57. Re8 h2 58. Rh8+ Kg5 59. Rxh2 Rxh2 60. b6
Bxe4 61. b7 Bxb7 62. axb7 Rb2 0-1

[Event "Online Olym Top DivB 2021"]
[Site "chess.com INT"]
[Date "2021.09.10"]
[Round "8.2"]
[Board "6"]
[White "Sumarriva Paulin, Laura"]
[Black "Li, Xinyu"]
[Result "0-1"]
[WhiteTitle "WFM"]
[BlackTitle "WFM"]
[WhiteElo "1974"]
[BlackElo "2167"]
[WhiteTeam "France"]
[BlackTeam "Shenzhen China"]
[WhiteFideId "45102635"]
[BlackFideId "8610401"]
[EventDate "2021.09.08"]
[EventType "team"]

1. e4 c5 2. Nc3 Nc6 3. g3 g6 4. Bg2 Bg7 5. d3 e6 6. Nge2 Nge7 7. Bg5 d6 8. Qd2
Nd4 9. O-O O-O 10. Nd1 Rb8 11. c3 Nxe2+ 12. Qxe2 b5 13. Qd2 b4 14. Bh6 bxc3 15.
bxc3 Nc6 16. Bxg7 Kxg7 17. Ne3 h5 18. f4 Ne7 19. f5 exf5 20. exf5 Nxf5 21. Nd5
Be6 22. Rf2 Bxd5 23. Bxd5 Nh6 24. Raf1 Qe7 25. Rf6 Qe5 26. c4 Rb2 27. Qa5 Qd4+
28. Kh1 Rb1 29. Rxg6+ Kxg6 30. Rxb1 Qxd3 31. Re1 Kg7 32. Qxa7 Ng4 33. Qe7 Qd2
34. Re2 Qc1+ 35. Kg2 Ne5 36. Qh4 Qh6 37. Qe4 Rb8 38. Rf2 Qg5 39. h4 Qc1 40. Qf5
Rb2 41. Rxb2 Qxb2+ 42. Kh3 Qxa2 43. Qg5+ Ng6 44. Qxh5 Qf2 45. Qg5 Qf1+ 46. Kh2
Qf2+ 47. Kh3 Qf1+ 48. Kh2 Qe2+ 49. Kh3 Qe5 50. Qg4 Kf8 51. h5 Ne7 52. h6 Qf5 53.
Qxf5 Nxf5 54. h7 Kg7 55. Be4 Ne3 56. Bd3 f5 57. Kh4 Kxh7 58. Kg5 Kg7 59. Bxf5
Nxc4 60. Be6 Ne5 61. Kf5 c4 62. g4 c3 63. Bb3 Nc6 64. Ke4 Nb4 65. Ke3 Kf6 66.
Ke2 Kg5 67. Kd1 d5 68. Kc1 d4 69. Bc4 Kxg4 70. Be2+ Kf4 71. Bc4 Ke3 72. Kd1 d3
73. Bb3 Nc6 74. Ba4 Ne5 75. Bb3 Ng4 76. Ba4 Nf2+ 77. Kc1 d2+ 78. Kb1 d1=Q+ 79.
Bxd1 Nxd1 80. Kc2 Ke2 81. Kc1 Ne3 82. Kb1 Kd2 0-1